LEADER 02604nam 2200481Ia 450 001 996389727303316 005 20210104171946.0 035 $a(CKB)4940000000097929 035 $a(EEBO)2264193192 035 $a(OCoLC)ocn945447685e 035 $a(OCoLC)945447685 035 $a(EXLCZ)994940000000097929 100 $a20160323d1700 uy 0 101 0 $aeng 135 $aurbn||||a|bb| 200 12$a[A golden chain] of four links$b[electronic resource] $eto draw poor souls to their desired habitation, or, the four last things briefly discoursed of, viz. death, which is most certain, judgement, which is most strict, Hell, which is most dismal, Heaven, which is most delightful : to which is added wholsome instructions both to young and old, in order to prepare themselves for their latter end, and avoid all sinful allurements, which usually obstructs that great and necessary work of salvation : with some necessary directions to dye well, in order to avoid Hell, and obtain Heaven /$frecommended as very proper and useful to be read in all families, by the Reverend and learned Divine J. Stevens, D.D. ; licensed according to order 210 $aDublin $cPrinted by and for Joseph Ray in Skinner Row, over against the Tholsel$d1700 215 $a[16] p. $cport 300 $aTitle from verso of first leaf. Bound out of order? 300 $a"Friendly reader, if that these weighty considerations should be reckoned not worth laying out one penny, be pleased to read it gratis, keep it clean, and return it again. Price one penny."--Recto of the first leaf. 300 $aCropped, stained, and torn, with some loss of text. 300 $aReproduction of original in: National Library of Ireland. 330 $aeebo-0095 606 $aChristian life$vSermons$vEarly works to 1800 606 $aConduct of life$vSermons$vEarly works to 1800 606 $aDeath$xBiblical teaching$vSermons$vEarly works to 1800 606 $aEschatology$xBiblical teaching$vSermons$vEarly works to 1800 606 $aHeaven$xBiblical teaching$vSermons$vEarly works to 1800 606 $aHell$xBiblical teaching$vSermons$vEarly works to 1800 615 0$aChristian life 615 0$aConduct of life 615 0$aDeath$xBiblical teaching 615 0$aEschatology$xBiblical teaching 615 0$aHeaven$xBiblical teaching 615 0$aHell$xBiblical teaching 700 $aStevens$b J.$cD.D.$0364176 702 $aRay$b Joseph$f-1708, 801 0$bUMI 801 1$bUMI 906 $aBOOK 912 $a996389727303316 996 $aOf four links$92421615 997 $aUNISA LEADER 01737oam 2200493z- 450 001 9910694009103321 005 20110503081751.0 035 $a(CKB)5470000000941014 035 $a(WsH)alqmfisxt 035 $a(BIP)013906866 035 $a(EXLCZ)995470000000941014 100 $a20211006c2006uuuu -u- - 101 0 $aeng 200 10$aAl-Qaeda $ethe many faces of an Islamist extremist threat : report of the U.S. House Permanent Select Committee on Intelligence, approved June 2006, together with additional and minority views, submitted September 2006 210 $cWashington: U.S. Gvt. Printing Office 215 $a1 online resource (47 p.) $cill 311 $a0-16-076897-7 330 8 $aProvides an overview of information about Al-Qaeda and related terrorist groups. 517 $aAl-Qaeda 606 $aTerrorism$xReligious aspects$xIslam 606 $aJihad 606 $aIslamic fundamentalism 606 $aWar on Terrorism, 2001-2009 606 $aNational security$zUnited States 610 $aBin laden, osama, 1957-2011 610 $aQaida (organization) 610 $aTerrorism 610 $aJihad 610 $aIslamic fundamentalism 610 $aWar on terrorism, 2001-2009 610 $aNational security 610 $aBiography & autobiography 610 $aPolitical science 610 $aReligion 615 0$aTerrorism$xReligious aspects$xIslam. 615 0$aJihad. 615 0$aIslamic fundamentalism. 615 0$aWar on Terrorism, 2001-2009. 615 0$aNational security 712 02$aUnited States, Congress House Permanent Select Committee on Intelligence,$4oth 906 $aBOOK 912 $a9910694009103321 996 $aAl Qaeda$9845630 997 $aUNINA LEADER 03700nam 2200961z- 450 001 9910557755203321 005 20220111 035 $a(CKB)5400000000045810 035 $a(oapen)https://directory.doabooks.org/handle/20.500.12854/76520 035 $a(oapen)doab76520 035 $a(EXLCZ)995400000000045810 100 $a20202201d2021 |y 0 101 0 $aeng 135 $aurmn|---annan 181 $ctxt$2rdacontent 182 $cc$2rdamedia 183 $acr$2rdacarrier 200 00$aFunctional Coordination Polymers and Metal-Organic Frameworks 210 $aBasel, Switzerland$cMDPI - Multidisciplinary Digital Publishing Institute$d2021 215 $a1 online resource (155 p.) 311 08$a3-0365-1500-3 311 08$a3-0365-1499-6 330 $aThis book is a collection of contributions on the synthesis, characterization, and applications of Metal-Organic Frameworks (MOF) and Coordination Polymers (CP). Coordination Polymers (CP) and Metal-Organic Frameworks (MOF) are at the core of contemporary research on inorganic materials. The virtually infinite combination of their building blocks-inorganic metallic nodes (single ions or clusters) and organic polytopic linkers (polycarboxylates, bridging N-/S-/O-containing heterocycles)-generates solid air- and water-stable compounds. Interesting features from an applicative point of view are porosity, large surface area, and lattice flexibility (the "breathing" effect). These properties make them ubiquitous in several fields of materials science: gas storage and separation, luminescent sensing, heterogeneous catalysis, and magnetism. 606 $aResearch and information: general$2bicssc 610 $a1,3-bis(1,2,4-triazol-4-yl)adamantane 610 $a1H-indazole-6-carboxylic acid 610 $aadsorption 610 $aadsorption heat pump 610 $aAg(I) complexes 610 $acadmium 610 $acalorimetry 610 $acarbon dioxide 610 $acatalysis 610 $acerium 610 $acoordination bonds 610 $acoordination polymer 610 $acoordination polymers 610 $acopper 610 $aCP 610 $acrystal structure 610 $aCu(II)-4,4'-bipyridine 610 $adimensionality control 610 $adipyridil ligand 610 $aethanol adsorption 610 $agas separation 610 $agas storage 610 $agroup 12 metals 610 $airidium catalysis 610 $aluminescence 610 $ametal-organic coordination polymers 610 $ametal-organic framework 610 $ametal-organic frameworks 610 $aMOF 610 $an/a 610 $aorganometallic 610 $aphosphorescence 610 $aphotoluminescence properties 610 $apoly(azolate) spacers 610 $aporous materials 610 $apost-synthetic modification 610 $apyrimidylphosphines 610 $ashaping 610 $asolid sorbents 610 $aspectroscopic characterization 610 $asupramolecular chemistry 610 $aterephthalic acid 610 $athermally activated delayed fluorescence 610 $athiadiazole 610 $athiazole 610 $awater adsorption 610 $awater harvesting 610 $awater oxidation 610 $awater splitting 610 $azinc 610 $azirconium 610 $azirconium-based MOFs 615 7$aResearch and information: general 700 $aRossin$b Andrea$4edt$01302768 702 $aRossin$b Andrea$4oth 906 $aBOOK 912 $a9910557755203321 996 $aFunctional Coordination Polymers and Metal-Organic Frameworks$93645499 997 $aUNINA